| 000 | 01107nam a22002777a 4500 | ||
|---|---|---|---|
| 005 | 20180209122408.0 | ||
| 008 | 131126b xxu||||| |||| 00| 0 eng d | ||
| 010 | _aPUN-7723 B-577419-422 B-669857 | ||
| 020 | _c350.00 | ||
| 035 | _aPN-6841 B-577419-422 | ||
| 035 | _aB-669857 | ||
| 037 | _bDBAD / PUB | ||
| 037 | _bArsee Publishers | ||
| 037 | _bstar publications | ||
| 040 |
_adpl _bpn |
||
| 082 | _aਕ | ||
| 100 | _aਅਟਵਾਲ, ਹਰਜੀਤ | ||
| 245 |
_aਦਸ ਦਰਵਾਜ਼ੇ / _cਹਰਜੀਤ ਅਟਵਾਲ |
||
| 246 |
_aDas Darwaze _bby Harjeet Atwal |
||
| 260 |
_aDelhi _bArsee Publishers _c2013 |
||
| 270 |
_bDelhi _aChandni Chowk _k011-65966481 |
||
| 300 | 4 |
_a198p. _c22ਸੇਂਮੀ (ਸਜਿਲੱਦ) |
|
| 942 |
_2ddc _cPN _hਕ _mਅਟਵਾ |
||
| 999 |
_c80889 _d80889 |
||